[Event "American Continental 18th"]
[Site "Medellin"]
[Date "2024.05.27"]
[Round "6"]
[White "Gonzalez Bolivar, Juan Jose"]
[Black "Chaucanes, Lina Marcela"]
[Result "0-1"]
[WhiteElo "1883"]
[BlackElo "2026"]
[PlyCount "140"]
[EventDate "2024.05.24"]
[EventType "swiss"]
[EventRounds "11"]
[EventCountry "COL"]
[SourceTitle "CBM 220 Extra"]
[Source "ChessBase"]
[SourceDate "2024.07.31"]
[SourceVersion "1"]
[SourceVersionDate "2024.07.31"]
[SourceQuality "1"]

1. e4 c5 2. Nf3 e6 3. d4 cxd4 4. Nxd4 a6 5. Nc3 Qc7 6. Bd3 Nf6 7. Be3 b5 8. 0-0 Bb7 9. f3 Bc5 10. Qe2 Qb6 11. Qf2 Nc6 12. Nf5 Bxe3 13. Nxe3 Ne5 14. Be2 b4 15. Nb1 0-0 16. Nd2 d5 17. f4 d4 18. Nd1 Neg4 19. Bxg4 Nxg4 20. Qf3 f5 21. Kh1 Rf6 22. h3 Rh6 23. Nf2 Ne3 24. Rfc1 Rc8 25. Qe2 a5 26. c3 dxc3 27. bxc3 Rg6 28. cxb4 Rxc1+ 29. Rxc1 Nxg2 30. bxa5 Qxa5 31. Nc4 Qb4 32. Ne5 Rg3 33. Qd1 Qe7 34. Kh2 Ne3 35. Qd2 Rg2+ 36. Kh1 Qh4 37. Qxe3 Rxf2 38. Rb1 Bxe4+ 39. Kg1 Bxb1 40. Qxf2 Qxf2+ 41. Kxf2 Bxa2 42. Ke3 h6 43. h4 Kf8 44. Kd4 Ke7 45. Kc5 Kf6 46. h5 Bb3 47. Kd6 Ba4 48. Nd3 Be8 49. Ne5 Ba4 50. Nf3 Be8 51. Ne5 Bxh5 52. Nd7+ Kf7 53. Ne5+ Ke8 54. Kxe6 Bg4 55. Ng6 h5 56. Nh4 g5 57. fxg5 f4+ 58. Ke5 f3 59. Nxf3 Bxf3 60. Kf4 Bg4 61. g6 Kf8 62. Kg5 Kg7 63. Kh4 Kxg6 64. Kg3 Kg5 65. Kh2 h4 66. Kg2 Kf4 67. Kh2 Kf3 68. Kg1 Kg3 69. Kh1 h3 70. Kg1 h2+ 0-1

[Event "American Continental 18th"]
[Site "Medellin"]
[Date "2024.05.26"]
[Round "4"]
[White "Gonzalez Bolivar, Juan Jose"]
[Black "Mora Munoz, Alejandro"]
[Result "0-1"]
[WhiteElo "1883"]
[BlackElo "2066"]
[PlyCount "102"]
[EventDate "2024.05.24"]
[EventType "swiss"]
[EventRounds "11"]
[EventCountry "COL"]
[SourceTitle "CBM 220 Extra"]
[Source "ChessBase"]
[SourceDate "2024.07.31"]
[SourceVersion "1"]
[SourceVersionDate "2024.07.31"]
[SourceQuality "1"]

1. e4 c5 2. Nf3 d6 3. Bc4 Nf6 4. e5 dxe5 5. Nxe5 e6 6. Bb5+ Nbd7 7. d4 Qb6 8. Nxd7 Nxd7 9. Bxd7+ Bxd7 10. d5 exd5 11. Qxd5 Qe6+ 12. Qxe6+ Bxe6 13. Be3 0-0-0 14. Nd2 Be7 15. 0-0-0 Bd5 16. Rhg1 h5 17. c4 Bc6 18. b4 cxb4 19. Bxa7 Rd3 20. Kb1 Rhd8 21. Be3 Be4 22. Nxe4 Rxd1+ 23. Rxd1 Rxd1+ 24. Kc2 Rh1 25. h3 Rh2 26. Ng3 g6 27. Kd1 Rxg2 28. Nf1 Rg1 29. Ke2 Rh1 30. f3 Rxh3 31. Bf2 g5 32. Bg3 g4 33. Kf2 Bh4 34. Kg2 Bxg3 35. Nxg3 Rxg3+ 36. Kxg3 f5 37. f4 Kd7 38. Kh4 Kc6 39. Kg3 Kc5 40. Kh4 Kxc4 41. Kg3 Kc3 42. Kh4 Kb2 43. Kg3 Kxa2 44. Kh4 b3 45. Kg3 b2 46. Kh4 b1Q 47. Kg3 Qe1+ 48. Kg2 h4 49. Kh2 g3+ 50. Kg2 Qf2+ 51. Kh3 Qh2# 0-1

[Event "COL-ch U18"]
[Site "Ibague"]
[Date "2024.03.17"]
[Round "7"]
[White "Gonzalez Bolivar, Juan Jose"]
[Black "Gaona Ballesteros, Andres"]
[Result "1-0"]
[WhiteElo "1879"]
[BlackElo "1768"]
[PlyCount "95"]
[EventDate "2024.03.14"]
[EventType "swiss"]
[EventRounds "7"]
[EventCountry "COL"]
[SourceTitle "CBM 219 Extra"]
[Source "ChessBase"]
[SourceDate "2024.05.31"]
[SourceVersion "1"]
[SourceVersionDate "2024.05.31"]
[SourceQuality "1"]

1. e4 c5 2. Nf3 Nf6 3. Nc3 d5 4. exd5 Nxd5 5. Nxd5 Qxd5 6. d4 e6 7. Be3 cxd4 8. Qxd4 Nc6 9. Qxd5 exd5 10. Bb5 a6 11. Ba4 b5 12. Bb3 Be6 13. a4 Na5 14. axb5 Nxb3 15. cxb3 Bb4+ 16. Bd2 Bxd2+ 17. Kxd2 a5 18. Nd4 0-0 19. Ra4 Rfb8 20. Rha1 Bd7 21. b4 Bxb5 22. Nxb5 Rxb5 23. Rxa5 Rbxa5 24. bxa5 Kf8 25. b4 Ke7 26. a6 Kd6 27. a7 f5 28. f4 h6 29. Kd3 g5 30. g3 Kc6 31. Kd4 g4 32. b5+ Kxb5 33. Kxd5 Kb6 34. Ke5 Kb7 35. Kxf5 Rf8+ 36. Kxg4 Ka8 37. Kh5 Rf6 38. Ra2 Rb6 39. f5 Rc6 40. g4 Rc4 41. h3 Rc3 42. Kxh6 Rxh3+ 43. Kg6 Rc3 44. f6 Rc6 45. Kg7 Rc4 46. g5 Rg4 47. f7 Rxg5+ 48. Kf6 1-0

[Event "COL-ch U18"]
[Site "Ibague"]
[Date "2024.03.16"]
[Round "4"]
[White "Andrade Salcedo, Jorge Mario"]
[Black "Gonzalez Bolivar, Juan Jose"]
[Result "1-0"]
[WhiteElo "1726"]
[BlackElo "1879"]
[PlyCount "89"]
[EventDate "2024.03.14"]
[EventType "swiss"]
[EventRounds "7"]
[EventCountry "COL"]
[SourceTitle "CBM 219 Extra"]
[Source "ChessBase"]
[SourceDate "2024.05.31"]
[SourceVersion "1"]
[SourceVersionDate "2024.05.31"]
[SourceQuality "1"]

1. d4 Nf6 2. c4 e6 3. g3 d5 4. Bg2 c6 5. Nf3 Be7 6. 0-0 0-0 7. Qc2 b6 8. Rd1 Bb7 9. b3 Nbd7 10. Nc3 Rc8 11. Bb2 Qc7 12. e4 dxe4 13. Nxe4 c5 14. Nc3 cxd4 15. Nb5 Qc5 16. Ba3 Qxb5 17. Bxe7 Bxf3 18. Bxf3 Rfe8 19. Bb7 Rc7 20. Bd6 Rc6 21. Rxd4 e5 22. Rd2 Re6 23. Rad1 Rexd6 24. Rxd6 Rc7 25. cxb5 Rxc2 26. Rxd7 Nxd7 27. Rxd7 g6 28. Bd5 Rxa2 29. Rxf7 Kh8 30. Re7 Ra5 31. Bc4 e4 32. Rxe4 Kg7 33. h4 Kf6 34. g4 h5 35. Re6+ Kg7 36. g5 Ra3 37. Re7+ Kh8 38. f4 Ra1+ 39. Kg2 Ra2+ 40. Kg3 Ra1 41. f5 gxf5 42. Kf4 Rh1 43. Kxf5 Rxh4 44. Kg6 Rxc4 45. Re8# 1-0

[Event "COL-ch U18"]
[Site "Ibague"]
[Date "2024.03.15"]
[Round "3"]
[White "Gonzalez Bolivar, Juan Jose"]
[Black "Munoz Triana, Joseph Steve"]
[Result "0-1"]
[WhiteElo "1879"]
[BlackElo "2118"]
[PlyCount "94"]
[EventDate "2024.03.14"]
[EventType "swiss"]
[EventRounds "7"]
[EventCountry "COL"]
[SourceTitle "CBM 219 Extra"]
[Source "ChessBase"]
[SourceDate "2024.05.31"]
[SourceVersion "1"]
[SourceVersionDate "2024.05.31"]
[SourceQuality "1"]

1. e4 c5 2. Nf3 Nc6 3. Bc4 g6 4. 0-0 Bg7 5. c3 e6 6. d4 cxd4 7. cxd4 d5 8. exd5 exd5 9. Bb3 Nge7 10. Re1 h6 11. Nc3 0-0 12. Ne5 Be6 13. Bf4 Qb6 14. Qd2 Qxd4 15. Nxc6 bxc6 16. Qxd4 Bxd4 17. Bxh6 Rfc8 18. Bg5 Nf5 19. g4 Nd6 20. h3 Bg7 21. Bf4 Nb7 22. Be5 Nc5 23. Bc2 d4 24. Bxg7 Kxg7 25. Ne4 Nxe4 26. Bxe4 Rab8 27. b3 c5 28. Bd3 a5 29. f4 a4 30. f5 gxf5 31. gxf5 Bd5 32. Re5 Rd8 33. Bc4 Bxc4 34. bxc4 Rdc8 35. Re2 Kf6 36. Rae1 Rg8+ 37. Kf2 Rg5 38. Re7 Rxf5+ 39. Kg3 Rg8+ 40. Kh2 Rf2+ 41. Kh1 Rf3 42. Kh2 Rh8 43. Rc7 Rhxh3+ 44. Kg2 Rhg3+ 45. Kh2 Rg5 46. Ree7 Kg7 47. Rc8 Rf6 0-1

[Event "COL-ch U18"]
[Site "Ibague"]
[Date "2024.03.15"]
[Round "2"]
[White "Pilonieta Forero, Andres Felipe"]
[Black "Gonzalez Bolivar, Juan Jose"]
[Result "0-1"]
[WhiteElo "1694"]
[BlackElo "1879"]
[PlyCount "72"]
[EventDate "2024.03.14"]
[EventType "swiss"]
[EventRounds "7"]
[EventCountry "COL"]
[SourceTitle "CBM 219 Extra"]
[Source "ChessBase"]
[SourceDate "2024.05.31"]
[SourceVersion "1"]
[SourceVersionDate "2024.05.31"]
[SourceQuality "1"]

1. e4 e5 2. Nf3 Nc6 3. Bb5 Nf6 4. d4 Nxd4 5. Nxd4 exd4 6. Qxd4 c5 7. Qe5+ Be7 8. Nc3 a6 9. Bc4 d6 10. Qg3 0-0 11. a4 Rb8 12. 0-0 Bd7 13. a5 Kh8 14. Re1 Ng4 15. Rd1 Bh4 16. Qxd6 Bxf2+ 17. Kf1 Bd4 18. Bf4 Qh4 19. Rd2 Rbd8 20. h3 Be6 21. Bxe6 Rxd6 22. Bxd6 fxe6+ 23. Bxf8 Nh2+ 24. Ke2 Qf2+ 25. Kd3 Qe3+ 26. Kc4 Qxd2 27. Rd1 Qg5 28. Bd6 Bxc3 29. bxc3 Qd8 30. Rd3 Qxa5 31. Bxc5 Qb5+ 32. Kd4 e5+ 33. Kd5 Qc6+ 34. Kc4 h6 35. Rd6 b5+ 36. Kb4 a5+ 0-1

[Event "Bucaramanga Santander-ch"]
[Site "Bucaramanga"]
[Date "2024.03.08"]
[Round "1"]
[White "Gonzalez Bolivar, Juan Jose"]
[Black "Pimiento Caicedo, Cristopher"]
[Result "1-0"]
[WhiteElo "1879"]
[BlackElo "1482"]
[PlyCount "41"]
[EventDate "2024.03.08"]
[EventType "swiss"]
[EventRounds "7"]
[EventCountry "COL"]
[SourceTitle "CBM 219 Extra"]
[Source "ChessBase"]
[SourceDate "2024.05.31"]
[SourceVersion "1"]
[SourceVersionDate "2024.05.31"]
[SourceQuality "1"]

1. e4 e5 2. Nf3 Nc6 3. Bc4 Be7 4. Nc3 d6 5. d3 f5 6. exf5 Bxf5 7. Nd5 Nf6 8. Ng5 Bg6 9. Ne6 Qd7 10. Ndxc7+ Kf7 11. Nc5+ Kf8 12. Nxd7+ Nxd7 13. Nxa8 Bd8 14. Qg4 Nf6 15. Qc8 Be8 16. Nc7 Bd7 17. Qxb7 Na5 18. Qa8 Ke7 19. Nd5+ Nxd5 20. Qxd5 Rf8 21. Bg5+ 1-0

[Event "Medellin de La Raza op"]
[Site "Medellin"]
[Date "2023.10.13"]
[Round "4"]
[White "Gonzalez Bolivar, Juan Jose"]
[Black "Dominguez Rincon, Miller Duvan"]
[Result "1/2-1/2"]
[WhiteElo "1651"]
[BlackElo "2041"]
[PlyCount "95"]
[EventDate "2023.10.12"]
[EventType "swiss"]
[EventRounds "10"]
[EventCountry "COL"]
[SourceTitle "CBM 216 Extra"]
[Source "ChessBase"]
[SourceDate "2023.11.30"]
[SourceVersion "1"]
[SourceVersionDate "2023.11.30"]
[SourceQuality "1"]

1. e4 c5 2. Nf3 d6 3. d4 cxd4 4. Nxd4 Nf6 5. Nc3 a6 6. f3 e5 7. Nb3 Be6 8. Be3 Be7 9. Be2 0-0 10. 0-0 a5 11. a4 Nc6 12. Nb5 d5 13. exd5 Nxd5 14. Bf2 Nf4 15. Nc5 Bxc5 16. Bxc5 Qg5 17. g3 Rfd8 18. Qe1 Rd2 19. Nc3 Rxc2 20. Rc1 Rxb2 21. Ba3 Rd2 22. Ne4 Nxe2+ 23. Qxe2 Rxe2 24. Nxg5 Rd8 25. Rfd1 Red2 26. Rxd2 Rxd2 27. Rb1 Bc8 28. Ne4 Ra2 29. Bc5 Rc2 30. Rb5 f5 31. Nd6 Be6 32. Bb6 Bc4 33. Rc5 Bb3 34. Rxc2 Bxc2 35. Nxb7 Bxa4 36. Nxa5 Nd4 37. Kg2 Kf7 38. Nc4 Ke6 39. f4 Nc6 40. Nxe5 Nxe5 41. fxe5 Kxe5 42. Kf3 g5 43. Bd8 Bc6+ 44. Ke3 f4+ 45. gxf4+ gxf4+ 46. Kf2 Kf5 47. h4 Kg4 48. Bg5 1/2-1/2

[Event "Medellin de La Raza op"]
[Site "Medellin"]
[Date "2023.10.12"]
[Round "2"]
[White "Ruiz Agudelo, Jeronimo"]
[Black "Gonzalez Bolivar, Juan Jose"]
[Result "1-0"]
[WhiteElo "1806"]
[BlackElo "1651"]
[PlyCount "63"]
[EventDate "2023.10.12"]
[EventType "swiss"]
[EventRounds "10"]
[EventCountry "COL"]
[SourceTitle "CBM 216 Extra"]
[Source "ChessBase"]
[SourceDate "2023.11.30"]
[SourceVersion "1"]
[SourceVersionDate "2023.11.30"]
[SourceQuality "1"]

1. e4 e5 2. Nf3 Nc6 3. Bb5 a6 4. Bxc6 dxc6 5. d4 exd4 6. Qxd4 Qxd4 7. Nxd4 c5 8. Nf3 Bg4 9. Nc3 0-0-0 10. h3 Bxf3 11. gxf3 Bd6 12. Be3 Ne7 13. 0-0-0 Ng6 14. Nd5 Rhe8 15. Rhg1 f6 16. h4 Rd7 17. h5 Ne5 18. h6 Bf8 19. hxg7 Bxg7 20. Rg3 b6 21. Rdg1 Bh8 22. Rg8 Rdd8 23. Rxe8 Rxe8 24. Rh1 Nd7 25. Rxh7 Kd8 26. Bf4 f5 27. Bg5+ Kc8 28. Ne7+ Kb7 29. Ng6 Bf6 30. Bxf6 Nxf6 31. Rf7 Ng8 32. Rxf5 1-0